000 00509nam a2200181 a 4500
001 1771665202751
003 YourLibrary
005 20260221144452.0
008 260221s2004##################000#0#eng##
020 _a9781843765196
082 0 4 _a338.4766
_bMCK
100 1 _aMcKelvey, Maureen D.,
_eauthor.
245 1 0 _aThe Economic Dynamics of Modern Biotechnology :
260 _bEdward Elgar Publishing,
_c2004.
650 0 _aBiotechnology.
942 _cENGLISH
040 _aYourLibrary
_beng
_cYourLibrary
999 _c615142
_d615142